La utilidad del muestreo diagnóstico en la silvicultura de los bosques naturales /

Guardado en:
Autor Principal: Vera, Norma E.
Otros Autores: Szczipanski, Lilian., Eibl, Beatriz.
Formato: Libro
Idioma:Spanish
Publicado: Eldorado : Universidad Nacional de Misiones, Facultad de Ciencias Forestales, 1997.
Etiquetas: Agregar Etiqueta
Sin Etiquetas, Sea el primero en etiquetar este registro!
LEADER 00625nam a22001575a 4500
001 EEA.libagro005691
005 20161012121111.0
008 130809s1997####ag#a##########000#0#spa#d
082 0 4 |a 634.928 
100 1 |a Vera, Norma E. 
245 1 3 |a La utilidad del muestreo diagnóstico en la silvicultura de los bosques naturales /  |c Norma E. Vera, Lilian Szczipanski, Beatriz Irene Eibl. 
260 |a Eldorado :  |b Universidad Nacional de Misiones, Facultad de Ciencias Forestales,  |c 1997. 
300 |a 26 p. :  |b il. ;  |c 24 cm. 
700 1 |a Szczipanski, Lilian. 
700 1 |a Eibl, Beatriz. 
859 |a AR-BbBCA  |b BIB. AGRONOMIA  |h 634.928  |i V473  |p 1997/3035